|
|
|
|
| LEADER |
00612cam a2200193ua 4500 |
| 020 |
|
|
|a 0-7619-3385-9
|
| 082 |
|
|
|a 338.927
|b MON/S
|
| 100 |
|
|
|a Monto, M.
|
| 245 |
1 |
0 |
|a Sustainability and human settlements: fundamentals issues, modeling and simulations
|
| 260 |
|
|
|a New Delhi
|b Sage
|c 2005
|
| 300 |
|
|
|a 211p.
|
| 500 |
|
|
|a Includes index.
|
| 650 |
|
|
|a Sustainable development
|
| 650 |
0 |
|
|a Human settlements
|
| 700 |
0 |
2 |
|a Ganesh,L.S.
|
| 700 |
0 |
2 |
|a Koshy Varghese
|
| 942 |
|
|
|c BK
|
| 999 |
|
|
|c 17304
|d 17304
|
| 952 |
|
|
|0 0
|1 0
|4 0
|6 338_927000000000000_MONS
|7 0
|9 18040
|a KUCL
|b KUCL
|d 2014-05-23
|l 0
|o 338.927 MON/S
|p 18741
|r 2014-05-23
|y BK
|